000 00333nam a22001457a 4500
999 _c57782
_d57779
020 _a033354854X
020 _a978-0333548547
082 _a515YAT
100 _aYates, J C
245 _aNational Engineering Mathematics
260 _aEngland
_bMac Millon
_c1996
300 _a537
650 _aEngineering Mathematics
942 _cBK